Najlepší zväzarmovci

Bibliographic Details
Main Author: (š) (Author)
Format: Article
Language:Slovak
PhysicalDescription:Obr. 1.
Subjects:

MARC

LEADER 00000nab a2200000 a 4500
001 vtls000200375
003 SK-MaSNL
005 20260302201347.0
008 160201c1984 xo 0 slo
015 |a SNBRB19rr/mm-uuuuu 
035 |a CL0210488 
040 |a SNKBUCL  |b slo  |c SNKBUCL  |e AACR2 
041 0 |a slo 
044 |a xo  |c SK 
080 |a 355.233.11  |2 1981 
100 1 |a (š)  |4 aut  |9 492459 
245 1 0 |a Najlepší zväzarmovci  |c (š) 
300 |b Obr. 1. 
610 2 7 |a Zväzarm  |2 snkbucl  |9 94458 
651 7 |a 3100  |2 snkbucl  |9 920766 
655 7 |a články z novín a časopisov  |2 snkbucl  |9 267496 
773 0 |t Šport  |g Roč. 38, č. 272 (16. 11. 1984), s. 1 
850 |a Slovenská národná knižnica v Martine  |a MTA001 
852 |a SNK  |b KIS3GCP 
958 |a RK 
958 |a CZ 
992 |a RBX 
999 |c 1460621  |d 1462551